000 00825nam a2200265 a 4500
999 _c127509
_d127509
001 2558312
003 ARRUPE
005 20180125144127.0
008 941020s1991 cg b 001 0 fre
010 _a 94980531
040 _aDLC
_cDLC
042 _alcode
050 0 0 _aBT30.A4
_b.B168 1984
100 0 _aBakole wa Ilunga.
_938904
245 1 0 _aChemins de libération /
_cBakole wa Ilunga.
250 _a3 éd.
260 _aKananga, Zaïre :
_bTroisieme edition,
_c1984.
300 _a 350 p. ;
_c21 cm.
504 _aIncludes bibliographical references and index.
650 0 _aTheology, Doctrinal
_zAfrica
_98574
906 _a7
_bcbc
_corigode
_d3
_encip
_f19
_gy-gencatlg
942 _2lcc
_cMONOGRAPH